| 000 | 00702nam a2200217Ii 4500 | ||
|---|---|---|---|
| 003 | JO-AjNU | ||
| 008 | 230606s9999||||xx |||||||||||||| ||und|| | ||
| 020 | _a978-1-138-74991-7/978-0-367-88728-5 | ||
| 040 |
_aJO-AjNU _beng _erda _cJO-AjNU |
||
| 041 | _aeng | ||
| 050 | 1 | 4 | _aU21.2.C5148 2018 |
| 100 | 3 |
_aedited Nicola Foote , Nadya Williams, _eauthor _96138 |
|
| 245 | 0 | 0 | _aCivilians and Warfare in World History |
| 250 | _a1th ed | ||
| 264 | 3 | 1 | _aNew York and London:Routledge,2018 |
| 300 |
_a319p _bIncludes bibliographical references |
||
| 336 |
_atext _btxt _2rdacontent |
||
| 337 |
_aunmediated _bn _2rdamedia |
||
| 338 |
_avolume _bnc _2rdacarrier |
||
| 650 | 4 |
_aCivilians in war-History _96139 |
|
| 999 |
_aE3186 _c3182 _d3182 |
||